The stars below / by David Baldacci.
Vega Jane and her enemy, the sorcerer Necro, are on a collision course that will determine the future of their world -- adapted from jacket.
Record details
- ISBN: 9781338263930
- ISBN: 1338263935
- Physical Description: 425 pages ; 22 cm.
- Edition: First edition.
- Publisher: New York : Scholastic Press, 2019.
Content descriptions
| General Note: | "The final showdown" -- cover. |
Search for related items by subject
| Subject: | Magic > Juvenile fiction. Good and evil > Juvenile fiction. Wizards > Juvenile fiction. Imaginary wars and battles > Juvenile fiction. Women heroes > Juvenile fiction. |
| Genre: | Young adult fiction. Fantasy fiction. |
Search for related items by series
Available copies
- 1 of 1 copy available at scottsboropl.
Holds
- 0 current holds with 1 total copy.
Other Formats and Editions
Show Only Available Copies
| Location | Call Number / Copy Notes | Barcode | Shelving Location | Status | Due Date |
|---|---|---|---|---|---|
| scottsboropl | F Bal | 32269001145120 | Adult - Fiction | Available | - |
| LDR | 01465nam a2200397Ii 4500 | ||
|---|---|---|---|
| 001 | 153419 | ||
| 003 | CONS | ||
| 005 | 20200203074541.0 | ||
| 008 | 180505t20192019nyu d 000 1 eng d | ||
| 020 | . | ‡a9781338263930 ‡q(hardcover) | |
| 020 | . | ‡a1338263935 ‡q(hardcover) | |
| 035 | . | ‡a(CPomAG)LMN615754 | |
| 050 | 4. | ‡aPS3552.A446 ‡bS73 2019 | |
| 082 | 0 | 4. | ‡a813/.6 ‡223 |
| 100 | 1 | . | ‡aBaldacci, David, ‡eauthor. |
| 245 | 1 | 4. | ‡aThe stars below / ‡cby David Baldacci. |
| 250 | . | ‡aFirst edition. | |
| 264 | 1. | ‡aNew York : ‡bScholastic Press, ‡c2019. | |
| 300 | . | ‡a425 pages ; ‡c22 cm. | |
| 336 | . | ‡atext ‡btxt ‡2rdacontent | |
| 337 | . | ‡aunmediated ‡bn ‡2rdamedia | |
| 338 | . | ‡avolume ‡bnc ‡2rdacarrier | |
| 490 | 1 | . | ‡aVega Jane ; ‡v4 |
| 500 | . | ‡a"The final showdown" -- cover. | |
| 520 | . | ‡aVega Jane and her enemy, the sorcerer Necro, are on a collision course that will determine the future of their world -- ‡cadapted from jacket. | |
| 650 | 0. | ‡aMagic ‡vJuvenile fiction. | |
| 650 | 0. | ‡aGood and evil ‡vJuvenile fiction. | |
| 650 | 0. | ‡aWizards ‡vJuvenile fiction. | |
| 650 | 0. | ‡aImaginary wars and battles ‡vJuvenile fiction. | |
| 650 | 0. | ‡aWomen heroes ‡vJuvenile fiction. | |
| 655 | 0. | ‡aYoung adult fiction. | |
| 655 | 7. | ‡aFantasy fiction. ‡2lcgft | |
| 800 | 1 | . | ‡aBaldacci, David. ‡tVega Jane ; ‡v4. |
| 914 | . | ‡aSCP_LP | |
| 959 | . | ‡i32269001145120 ‡lYA Bal ‡aYoung Adult - Fiction ‡tHardback ‡g18.00 | |
| 852 | . | ‡p32269001145120 ‡jYA Bal ‡gYoung Adult - Fiction ‡cHardback ‡y18.00 ‡bSBPL | |
| 901 | . | ‡a153419 ‡bUnknown ‡c153419 ‡tbiblio | |